Última palabra en canciones de Andrés Calamaro - Estadísticas

Estadísticas generales
  • Esta prueba ha sido intentada 37 veces
  • La puntuación promedio es 13 de 15
Estadísticas de respuestas
Hint Respuesta % Correcto
Crimenes Perfectos
100%
Para no Olvidar
97%
Me Arde
94%
Estadio Azteca
94%
Mil Horas
94%
Tuyo Siempre
94%
Alta Suciedad
94%
La parte de Adelante
90%
Cartas sin Marcar
90%
No se puede vivir del Amor
87%
Donde manda Marinero
87%
Todo lo demás También
87%
Te quiero Igual
84%
El Salmon
84%
Clonazepán y Circo
74%
No se encontraron pruebas coincidentes
Distribución de puntuación
Porcentaje de gente con cada puntuación
Porcentaje por número respondido
Historial de tus puntuaciones
No has intentado esta prueba.